000 00304nam a22001337a 4500
008 181018b xxu||||| |||| 00| 0 eng d
020 _a9780324171938
041 _aeng
080 _26th
_a330
100 _a52
101 _aMBE
245 _aEconomics and Contemporary Issues
_cEgmand
942 _2udc
_cBK
999 _c50138
_d50138